000 00748cab a2200241 4500
001 WB3517-05
008 090401t1999 xxu||||| |||| 00| 0 eng d
035 _a(Sirsi) u93187
041 _aeng
245 _aSlide in rents easing off
260 _c1999
350 _a0
490 _aEstates Gazette
_v(9917) 1 May 1999, 43(1)
520 _aRents are predicted to fall by 1.1% over the course of 1999; a smaller decline than the 3.3% fall expected in February according to Commerzbank.
650 _aCOMMERCIAL RENTS
650 _aFORECASTS
650 _aOFFICE RENTS
650 _aPROPERTY YIELDS
650 _aRETAIL RENTS
690 _aPROPERTY-COMMERCIAL PROPERTY-COMMERCIAL PROPERTY MARKET
942 _n0
948 _c07/05/1999
999 _c59063
_d59063